000 00477nam a22001937a 4500
003 MPLRDC
005 20220104160143.0
008 210129b ||||| |||| 00| 0 eng d
020 _a986-7252-26-8
082 _a271.909 PMZ
100 _a蒲慕州编
245 _a鬼魅神魔
_c
250 _a一版一刷
260 _a台湾
_b麦田出版
_c2005
300 _b
490 _a历史与文化丛书. 33
650 _a中国其他宗教
942 _cBK
_o271.909 PMZ
999 _c54834
_d54824